Żużel - Drużyny KLŻ sezon 2025 - Statystyki

Ogólne statystyki
  • Ten quiz został rozwiązany 152 razy
  • Średni wynik to 6 z 7
Statystyki odpowiedzi
Zespół % Poprawnych
Polonia Piła
95%
Start Gniezno
91%
Wybrzeże Gdańsk
90%
Kolejarz Opole
86%
Speedway Kraków
78%
Landshut Devils
73%
Lokomotiv Daugavpils
65%
Nie znaleziono quizów pasujących do podanych kryteriów
Rozkład punktacji
Procent ludzi z każdym wynikiem
Percentyl według liczby udzielonych odpowiedzi
Twoja historia wyników
Nie rozwiązałeś tego quizu